000 00661nam a2200241 a 4500
001 sa 68008618
003 DLC
005 20260227112533.0
008 980304s1948 ii 000 0 mar
010 _asa 68008618
040 _aDLC
_cDLC
041 1 _amar
_hurd
050 0 0 _aPK2200.C5
_bS516
100 1 _aChandar, Krishan.
240 1 0 _aShikast.
_lMarathi
245 1 0 _aVātāhata /
_cKr̥shṇa Candra ; anuvādaka Rā. Bhi. Jośī.
250 _aPrathamāvr̥tti.
260 _aMumbaī :
_bAbhinava Prakāśana,
_c1948.
300 _a224 p. ;
_c18 cm.
500 _aNovel.
546 _aIn Marathi.
700 1 _aJoshi, Ramchandra Bhikaji,
_d1903-
999 _c82472
_d82472